[Event "7th EuropCh Men"]
[Site "Kusadasi / Turkey"]
[Date "2006.04.08"]
[Round "5"]
[White "Svetushkin, Dmitry"]
[Black "Kozul, Zdenko"]
[Result "0-1"]
[WhiteElo "2552"]
[BlackElo "2606"]
[PlyCount "82"]
[EventDate "2006.04.04"]
[EventRounds "11"]
[EventCountry "AUT"]

1. e4 c5 2. Nf3 Nc6 3. d4 cxd4 4. Nxd4 Nf6 5. Nc3 d6 6. Bg5 e6 7. Qd2 a6 8.
O-O-O Bd7 9. f4 b5 10. Bxf6 gxf6 11. Kb1 Qb6 12. Nxc6 Bxc6 13. f5 h5 14. fxe6
fxe6 15. Qf4 Qc5 16. Qxf6 Rh6 17. Qd4 Qxd4 18. Rxd4 Ke7 19. e5 dxe5 20. Rh4 Bg7
21. Ne4 Bf6 22. Nxf6 Rxf6 23. a4 Raf8 24. Be2 Rf2 25. axb5 axb5 26. Bd3 Rxg2
27. Rxh5 e4 28. Bxb5 Bd5 29. b3 Rff2 30. Bf1 Rg8 31. Ba6 Kf6 32. Rh3 Ke5 33.
Rg3 Ra8 34. Bb5 Rh8 35. Re3 Kf4 36. Re2 e3 37. Rhe1 Rxe2 38. Bxe2 Rxh2 39. Kb2
Bf3 40. Bd3 e2 41. Kc3 Ke5 0-1

[Event "7th EuropCh Men"]
[Site "Kusadasi / Turkey"]
[Date "2006.04.08"]
[Round "5"]
[White "Turov, Maxim"]
[Black "Kacheishvili, Giorgi"]
[Result "1-0"]
[WhiteElo "2539"]
[BlackElo "2605"]
[PlyCount "81"]
[EventDate "2006.04.04"]
[EventRounds "11"]
[EventCountry "AUT"]

1. d4 Nf6 2. c4 e6 3. Nf3 d5 4. Nc3 Bb4 5. cxd5 exd5 6. Bg5 O-O 7. e3 c5 8.
dxc5 Bxc3+ 9. bxc3 Be6 10. Be2 Nbd7 11. Qd4 Rc8 12. c6 bxc6 13. O-O h6 14. Bh4
c5 15. Qa4 g5 16. Bg3 Ne4 17. Ba6 Nxc3 18. Qa3 Rc6 19. Bd3 Qf6 20. Rfc1 Ne4 21.
Bxe4 dxe4 22. Nd4 Rb6 23. Nxe6 Qxe6 24. Qxa7 Ra6 25. Qc7 Rfa8 26. h4 R6a7 27.
Qd6 gxh4 28. Qxe6 fxe6 29. Bxh4 Kf7 30. Rc2 Ra3 31. Rd1 Rd3 32. Rb1 Ra4 33. Rb7
Rd1+ 34. Kh2 Rd5 35. Rc7 Kg6 36. Rb2 Ne5 37. Kh3 Kh5 38. Rc2 Ra5 39. Re7 Rd6
40. Bg3 Rd5 41. Bxe5 1-0

[Event "7th EuropCh Men"]
[Site "Kusadasi / Turkey"]
[Date "2006.04.08"]
[Round "5"]
[White "Mamedov, Rauf"]
[Black "Belov, Vladimir"]
[Result "1/2-1/2"]
[WhiteElo "2529"]
[BlackElo "2599"]
[PlyCount "25"]
[EventDate "2006.04.04"]
[EventRounds "11"]
[EventCountry "AUT"]

1. e4 c6 2. d4 d5 3. Nd2 dxe4 4. Nxe4 Bf5 5. Ng3 Bg6 6. h4 h6 7. Nf3 Nd7 8. h5
Bh7 9. Bd3 Bxd3 10. Qxd3 e6 11. Bd2 Ngf6 12. O-O-O Be7 13. Ne4 1/2-1/2

[Event "7th EuropCh Men"]
[Site "Kusadasi / Turkey"]
[Date "2006.04.08"]
[Round "5"]
[White "Moiseenko, Alexander"]
[Black "Malakhatko, Vadim"]
[Result "1/2-1/2"]
[WhiteElo "2662"]
[BlackElo "2559"]
[PlyCount "149"]
[EventDate "2006.04.04"]
[EventRounds "11"]
[EventCountry "AUT"]

1. d4 d5 2. c4 c6 3. Nc3 Nf6 4. Nf3 e6 5. e3 a6 6. b3 Bb4 7. Bd2 Nbd7 8. Bd3
O-O 9. O-O Bd6 10. e4 dxc4 11. bxc4 e5 12. c5 Bc7 13. Na4 exd4 14. h3 Re8 15.
Re1 Nf8 16. e5 Nd5 17. Bg5 Qd7 18. Rc1 Nc3 19. Nxc3 dxc3 20. Qc2 Ba5 21. Re4
Qc7 22. Nd4 Ne6 23. Nxe6 Bxe6 24. Re3 h6 25. Bh4 Bb4 26. Qe2 Bxc5 27. Rg3 Be7
28. Bf6 Bxf6 29. exf6 Qf4 30. Rxg7+ Kf8 31. Bh7 Qxf6 32. Rg3 Rad8 33. Rcxc3 Ke7
34. Qb2 Rd1+ 35. Kh2 Rd7 36. Be4 Qe5 37. Qb4+ Qd6 38. Qa5 Rg8 39. Rcd3 Qf4 40.
Qc5+ Kd8 41. Qb6+ Ke7 42. Qc5+ Kd8 43. Qb6+ Ke7 44. Qb4+ Kd8 45. Rdf3 Qc7 46.
Bh7 Re8 47. a4 Kc8 48. Qh4 Rd1 49. Qxh6 Qe5 50. Rd3 Ra1 51. Rde3 Qc5 52. Qf4
Qc1 53. Rg8 Qh1+ 54. Kg3 Rxg8+ 55. Bxg8 Rg1 56. Kh4 Rxg2 57. Rxe6 Rxg8 58. Re7
Rh8+ 59. Kg5 Qg2+ 60. Qg4+ Qxg4+ 61. hxg4 c5 62. a5 Rg8+ 63. Kf5 Kb8 64. g5 c4
65. Re3 Rc8 66. Rc3 Rc6 67. Ke5 b5 68. axb6 Kb7 69. Kd5 Kxb6 70. Rxc4 Rxc4 71.
Kxc4 Kc6 72. f4 Kd6 73. f5 Ke5 74. g6 fxg6 75. fxg6 1/2-1/2

[Event "7th EuropCh Men"]
[Site "Kusadasi / Turkey"]
[Date "2006.04.08"]
[Round "5"]
[White "Gurevich, Mikhail"]
[Black "Balogh, Csaba"]
[Result "1/2-1/2"]
[WhiteElo "2643"]
[BlackElo "2576"]
[PlyCount "110"]
[EventDate "2006.04.04"]
[EventRounds "11"]
[EventCountry "AUT"]

1. c4 Nf6 2. Nc3 e5 3. Nf3 Nc6 4. a3 g6 5. g3 Bg7 6. Bg2 O-O 7. O-O d5 8. cxd5
Nxd5 9. Nxd5 Qxd5 10. d3 Qb5 11. Rb1 a5 12. Be3 Be6 13. b3 Nd4 14. b4 Ba2 15.
Bxd4 exd4 16. Rb2 Bd5 17. Qc2 Qd7 18. Nd2 Bxg2 19. Kxg2 axb4 20. axb4 Rfe8 21.
Nf3 Ra3 22. Qd2 Rea8 23. Rfb1 b5 24. Rc2 Rc3 25. Ra2 Ra4 26. Rab2 h6 27. Kg1
Qd5 28. Qd1 Kh7 29. Nd2 f5 30. Nf3 g5 31. h3 Bf6 32. Qf1 Kg7 33. g4 fxg4 34.
hxg4 Ra2 35. Rxa2 Qxa2 36. Re1 Rc2 37. e4 dxe3 38. Rxe3 Qb2 39. Re4 Qc3 40. Kg2
Rb2 41. d4 c6 42. Qd1 Qc4 43. Ne5 Qc3 44. Nd7 Qb3 45. Qa1 Qd5 46. Nxf6 Kxf6 47.
Qxb2 Qxe4+ 48. f3 Qd5 49. Qc2 Qe6 50. Kf2 Ke7 51. Qc5+ Kd7 52. Qa7+ Kd6 53.
Qc5+ Kd7 54. Qa7+ Kd6 55. Qc5+ Kd7 1/2-1/2

[Event "7th EuropCh Men"]
[Site "Kusadasi / Turkey"]
[Date "2006.04.08"]
[Round "5"]
[White "Mastrovasilis, Dimitrios"]
[Black "Fressinet, Laurent"]
[Result "0-1"]
[WhiteElo "2577"]
[BlackElo "2633"]
[PlyCount "119"]
[EventDate "2006.04.04"]
[EventRounds "11"]
[EventCountry "AUT"]

1. e4 e5 2. Nf3 Nc6 3. Bb5 a6 4. Ba4 Nf6 5. O-O Nxe4 6. d4 b5 7. Bb3 d5 8. dxe5
Be6 9. Nbd2 Be7 10. c3 O-O 11. Bc2 f5 12. Nb3 Qd7 13. Nbd4 Nxd4 14. Nxd4 c5 15.
Nxe6 Qxe6 16. f3 Ng5 17. a4 Rad8 18. axb5 axb5 19. Kh1 f4 20. Ra7 Rf7 21. Qe2
c4 22. b3 Bc5 23. Rxf7 Qxf7 24. bxc4 bxc4 25. Rd1 Ne6 26. Qe1 g6 27. h3 Qc7 28.
Ba4 Bf8 29. Qh4 Qxe5 30. Re1 Qxc3 31. Rxe6 Qxc1+ 32. Kh2 Ra8 33. Qg5 Rxa4 34.
Qxd5 Kg7 35. Qe5+ Kh6 36. h4 Qa1 37. Qg5+ Kg7 38. Re7+ Kh8 39. Rf7 Ra8 40. h5
gxh5 41. Qxf4 Bg7 42. Qxc4 Qe5+ 43. Kh3 Rg8 44. Qf4 Qe1 45. Rf5 Qe6 46. Qe4 Qg6
47. Qf4 Re8 48. Rg5 Qh6 49. Qf5 Rf8 50. Qd5 h4 51. Rh5 Qc1 52. Kxh4 Rg8 53. Rg5
h6 54. Rg4 Bf6+ 55. Kg3 Qe1+ 56. Kh3 Qh1+ 57. Kg3 Bh4+ 58. Kf4 Rf8+ 59. Ke3
Qe1+ 60. Kd4 0-1

[Event "7th EuropCh Men"]
[Site "Kusadasi / Turkey"]
[Date "2006.04.08"]
[Round "5"]
[White "Fedorov, Alexei"]
[Black "Mchedlishvili, Mikheil"]
[Result "1/2-1/2"]
[WhiteElo "2614"]
[BlackElo "2567"]
[PlyCount "80"]
[EventDate "2006.04.04"]
[EventRounds "11"]
[EventCountry "AUT"]

1. e4 c6 2. d4 d5 3. e5 Bf5 4. Be3 e6 5. Nd2 Nd7 6. Be2 Ne7 7. f4 c5 8. Ngf3
Nc6 9. O-O Qb6 10. Nh4 cxd4 11. Bf2 Bg6 12. Nb3 Nc5 13. f5 Bxf5 14. Nxf5 exf5
15. Nxc5 Bxc5 16. Bd3 g6 17. Re1 Nd8 18. Bh4 Be7 19. Bxe7 Kxe7 20. Qf3 Ne6 21.
Qxd5 Rac8 22. Qf3 Qxb2 23. Rab1 Qc3 24. Rxb7+ Rc7 25. Rxc7+ Qxc7 26. Qh3 h6 27.
Qh4+ Ng5 28. Qxd4 Qb6 29. Qxb6 axb6 30. Rb1 Ra8 31. Rxb6 Rxa2 32. h4 Ne6 33. h5
Ra5 34. hxg6 fxg6 35. Bb5 g5 36. Rb7+ Kd8 37. c4 Nc5 38. Rh7 Ra1+ 39. Kh2 Re1
40. Rxh6 Rxe5 1/2-1/2

[Event "7th EuropCh Men"]
[Site "Kusadasi / Turkey"]
[Date "2006.04.08"]
[Round "5"]
[White "Socko, Bartosz"]
[Black "Nyback, Tomi"]
[Result "1/2-1/2"]
[WhiteElo "2606"]
[BlackElo "2563"]
[PlyCount "40"]
[EventDate "2006.04.04"]
[EventRounds "11"]
[EventCountry "AUT"]

1. e4 e5 2. Nf3 Nc6 3. d4 exd4 4. Nxd4 Nf6 5. Nc3 Bb4 6. Nxc6 bxc6 7. Bd3 d5 8.
exd5 cxd5 9. O-O O-O 10. Bg5 c6 11. Qf3 Be7 12. Rfe1 Re8 13. h3 h6 14. Bf4 Be6
15. Rad1 Nd7 16. Ne2 Bf6 17. Qg3 Bh4 18. Qf3 Bf6 19. Qg3 Bh4 20. Qf3 Bf6
1/2-1/2

[Event "7th EuropCh Men"]
[Site "Kusadasi / Turkey"]
[Date "2006.04.08"]
[Round "5"]
[White "Bartel, Mateusz"]
[Black "Iordachescu, Viorel"]
[Result "1/2-1/2"]
[WhiteElo "2554"]
[BlackElo "2601"]
[PlyCount "101"]
[EventDate "2006.04.04"]
[EventRounds "11"]
[EventCountry "AUT"]

1. e4 e5 2. Nf3 Nf6 3. Nxe5 d6 4. Nf3 Nxe4 5. Nc3 Nxc3 6. dxc3 Be7 7. Bf4 O-O
8. Qd2 Nd7 9. O-O-O Nc5 10. Be3 Re8 11. Bc4 Be6 12. Bxe6 Nxe6 13. h4 Qd7 14.
Qd3 Qa4 15. Ng5 Nf8 16. Qd5 Bxg5 17. hxg5 Qe4 18. c4 Re5 19. Rd4 Rxd5 20. Rxe4
Re5 21. Rxe5 dxe5 22. Rd1 f6 23. gxf6 gxf6 24. Bh6 Re8 25. c5 Kf7 26. Bxf8 Kxf8
27. c6 bxc6 28. Rd7 Re7 29. Rd3 h5 30. Kd2 Rg7 31. g3 Ke7 32. Ra3 Rg4 33. Rxa7
Kd6 34. Ra3 h4 35. gxh4 Rxh4 36. Rd3+ Ke6 37. b3 c5 38. Kc3 f5 39. f3 c4 40.
bxc4 e4 41. fxe4 fxe4 42. Rd5 Rh3+ 43. Kd4 Ra3 44. Kxe4 Rxa2 45. Kd4 c6 46. Rd8
Ke7 47. Rh8 Rxc2 48. Kc5 Kd7 49. Rh6 Kc7 50. Rxc6+ Kb7 51. Rh6 1/2-1/2

[Event "7th EuropCh Men"]
[Site "Kusadasi / Turkey"]
[Date "2006.04.08"]
[Round "5"]
[White "Inarkiev, Ernesto"]
[Black "Kuzubov, Yuriy"]
[Result "1-0"]
[WhiteElo "2598"]
[BlackElo "2548"]
[PlyCount "75"]
[EventDate "2006.04.04"]
[EventRounds "11"]
[EventCountry "AUT"]

1. e4 c5 2. Nf3 d6 3. Nc3 g6 4. d4 cxd4 5. Qxd4 Nf6 6. e5 dxe5 7. Qxd8+ Kxd8 8.
Nxe5 Be6 9. Be3 Bg7 10. O-O-O+ Kc8 11. Bc5 Re8 12. Bb5 Nbd7 13. Bd4 Nxe5 14.
Bxe5 Rd8 15. Rxd8+ Kxd8 16. Rd1+ Kc8 17. f4 Bf8 18. Be2 h5 19. h3 Bh6 20. Bb5
Bf8 21. Kd2 Nd7 22. Bd4 a6 23. Be2 Bh6 24. Ke3 Kc7 25. g4 Rg8 26. Bf3 g5 27. f5
Bxf5 28. Nd5+ Kd8 29. gxf5 g4+ 30. Kf2 gxf3 31. Bb6+ Ke8 32. Nc7+ Kd8 33. Kxf3
Kc8 34. Nd5 Bg5 35. Rg1 Nxb6 36. Nxb6+ Kc7 37. Nd5+ Kd6 38. Ke4 1-0

[Event "7th EuropCh Men"]
[Site "Kusadasi / Turkey"]
[Date "2006.04.08"]
[Round "5"]
[White "Galego, Luis"]
[Black "Kotronias, Vasilios"]
[Result "0-1"]
[WhiteElo "2543"]
[BlackElo "2598"]
[PlyCount "120"]
[EventDate "2006.04.04"]
[EventRounds "11"]
[EventCountry "AUT"]

1. e4 c5 2. Nf3 Nc6 3. Nc3 d6 4. Bb5 e5 5. d3 Nf6 6. O-O Be7 7. Bxc6+ bxc6 8.
Ne1 O-O 9. f4 Bg4 10. Nf3 exf4 11. Bxf4 Ne8 12. h3 Bh5 13. Ne2 Nc7 14. Ng3 Bg6
15. Qd2 Ne6 16. Be3 Bf6 17. Rab1 d5 18. Qf2 c4 19. e5 Bh4 20. Nxh4 Qxh4 21. Nf5
Qxf2+ 22. Rxf2 Bxf5 23. Rxf5 cxd3 24. cxd3 c5 25. b4 cxb4 26. Rxb4 Rfb8 27. Ra4
a5 28. Rf2 Rb1+ 29. Kh2 h5 30. Bd2 d4 31. Rxa5 Rc8 32. h4 Rc2 33. Be1 Rc7 34.
Ra8+ Kh7 35. Ba5 Rcb7 36. Bd2 Rd1 37. a4 Kg6 38. a5 Rb2 39. Be1 Rb3 40. Bd2
Rxd3 41. Bg5 Ra1 42. Ra7 Rda3 43. Rfxf7 Rxa5 44. Rae7 Rd5 45. Bd2 Ra2 46. Bb4
Ra4 47. Bd2 d3 48. Rf3 Rxh4+ 49. Kg1 Nd4 50. Rg3+ Rg4 51. Rxg4+ hxg4 52. Kf2
g3+ 53. Ke1 Nf5 54. Re8 Kf7 55. Rc8 Rxe5+ 56. Kd1 Re2 57. Rd8 Rxg2 58. Rxd3 Rh2
59. Rf3 Rxd2+ 60. Kxd2 g2 0-1

[Event "7th EuropCh Men"]
[Site "Kusadasi / Turkey"]
[Date "2006.04.08"]
[Round "5"]
[White "Miroshnichenko, Evgenij"]
[Black "Hulak, Krunoslav"]
[Result "1-0"]
[WhiteElo "2597"]
[BlackElo "2541"]
[PlyCount "106"]
[EventDate "2006.04.04"]
[EventRounds "11"]
[EventCountry "AUT"]

1. Nf3 Nf6 2. g3 d5 3. Bg2 c6 4. c4 dxc4 5. O-O Nbd7 6. Qc2 Nb6 7. a4 a5 8. Na3
Qd5 9. Ne1 Qh5 10. Nxc4 Nxc4 11. Qxc4 Be6 12. Bxc6+ Nd7 13. Qb5 Qxb5 14. Bxb5
Bh3 15. Ng2 e5 16. d3 Bb4 17. Be3 Ke7 18. Rfc1 Rhc8 19. f4 Nc5 20. fxe5 Nb3 21.
Rxc8 Rxc8 22. Rb1 Bd7 23. Bxd7 Kxd7 24. Kf2 Rc2 25. Nf4 g5 26. Nd5 Ke6 27. Nb6
Kxe5 28. Bxg5 Nd4 29. Nc4+ Kf5 30. Be3 Nxe2 31. Kf3 Ke6 32. h4 Kd5 33. Na3 Nd4+
34. Bxd4 Bxa3 35. bxa3 Kxd4 36. Rxb7 Rc1 37. Rd7+ Ke5 38. Ra7 Kd4 39. Rxa5 Kxd3
40. Rd5+ Kc4 41. Rf5 Kd4 42. Kg4 Rc7 43. a5 Ke4 44. a6 Ra7 45. Ra5 f6 46. Kh5
Kf3 47. g4 Kg3 48. g5 f5 49. Rxf5 Rxa6 50. Rf7 Ra4 51. Rxh7 Rxh4+ 52. Kg6 Ra4
53. Rb7 Ra5 1-0

[Event "7th EuropCh Men"]
[Site "Kusadasi / Turkey"]
[Date "2006.04.08"]
[Round "5"]
[White "Berg, Emanuel"]
[Black "Azarov, Sergei"]
[Result "1/2-1/2"]
[WhiteElo "2539"]
[BlackElo "2592"]
[PlyCount "147"]
[EventDate "2006.04.04"]
[EventRounds "11"]
[EventCountry "AUT"]

1. e4 e5 2. Nf3 Nc6 3. d4 exd4 4. Nxd4 Nf6 5. Nc3 Bb4 6. Nxc6 bxc6 7. Bd3 d5 8.
exd5 cxd5 9. O-O O-O 10. Bg5 c6 11. Ne2 h6 12. Bh4 Bd6 13. Nd4 c5 14. Nb5 Be7
15. c4 Be6 16. Qa4 a6 17. Nc3 Rb8 18. cxd5 Nxd5 19. Qe4 g6 20. Bxe7 Nxe7 21.
Qe2 Nc6 22. Rad1 Qf6 23. Rd2 Rfe8 24. Qe3 c4 25. Be4 Ne5 26. h3 h5 27. f4 Nd7
28. f5 gxf5 29. Bc6 Qg7 30. Qf4 Ne5 31. Bxe8 Rxe8 32. Qd4 Kh7 33. Nd5 Nd3 34.
Qxg7+ Kxg7 35. Nf4 Nxf4 36. Rxf4 Rb8 37. Rfd4 Rb5 38. Rd6 Ra5 39. a3 c3 40.
bxc3 Rxa3 41. Rc2 Ra1+ 42. Kf2 Bb3 43. Rb2 Be6 44. Rb7 Kf6 45. c4 Ke5 46. c5
Rc1 47. Rc7 Rc2+ 48. Kg1 a5 49. Ra6 Bd5 50. Rxa5 Rxg2+ 51. Kf1 Rc2 52. c6 Ke6
53. Raa7 Bxc6 54. Ra6 Kd5 55. Ke1 f6 56. Rh7 Ke5 57. Rxh5 Be4 58. Rh8 Kf4 59.
h4 Rc1+ 60. Kd2 Rc2+ 61. Kd1 Rh2 62. Ke1 Bf3 63. Ra4+ Kg3 64. Rg8+ Bg4 65. Ra3+
Kf4 66. Rh8 Re2+ 67. Kf1 Rd2 68. Ra4+ Kg3 69. Ra3+ Kf4 70. Re8 Bf3 71. Ke1 Rd1+
72. Kf2 Rd2+ 73. Kg1 Rd1+ 74. Kf2 1/2-1/2

[Event "7th EuropCh Men"]
[Site "Kusadasi / Turkey"]
[Date "2006.04.08"]
[Round "5"]
[White "Chuchelov, Vladimir"]
[Black "Kempinski, Robert"]
[Result "1/2-1/2"]
[WhiteElo "2538"]
[BlackElo "2586"]
[PlyCount "58"]
[EventDate "2006.04.04"]
[EventRounds "11"]
[EventCountry "AUT"]

1. d4 Nf6 2. Nf3 g6 3. c4 Bg7 4. Nc3 O-O 5. e4 c6 6. Bd3 d6 7. O-O e5 8. Bg5 h6
9. Bh4 Nbd7 10. Re1 exd4 11. Nxd4 Qb6 12. Nb3 a5 13. Na4 Qb4 14. Nd2 d5 15. a3
Qd6 16. Bg3 Ne5 17. exd5 Nh5 18. Ne4 Qd8 19. Bxe5 Bxe5 20. dxc6 Qc7 21. g3 bxc6
22. Qd2 Kg7 23. Nec5 Nf6 24. Ne4 Rd8 25. Nxf6 Bxf6 26. Qe2 h5 27. Be4 Rb8 28.
Rad1 Bg4 29. Bf3 Re8 1/2-1/2

[Event "7th EuropCh Men"]
[Site "Kusadasi / Turkey"]
[Date "2006.04.08"]
[Round "5"]
[White "Iotov, Valentin"]
[Black "Nijboer, Friso"]
[Result "0-1"]
[WhiteElo "2440"]
[BlackElo "2584"]
[PlyCount "61"]
[EventDate "2006.04.04"]
[EventRounds "11"]
[EventCountry "AUT"]

1. d4 f5 2. Nf3 Nf6 3. g3 g6 4. c4 Bg7 5. b4 O-O 6. Bg2 c6 7. Nbd2 a5 8. b5
cxb5 9. cxb5 a4 10. Ba3 d6 11. O-O Nbd7 12. Nc4 Ne4 13. Qd3 Ndf6 14. Nfd2 Bd7
15. Rab1 Rc8 16. Rfc1 Be6 17. e3 Nxd2 18. Nxd2 Bxa2 19. Rxc8 Qxc8 20. Rc1 Qd7
21. Qc2 Bd5 22. Qxa4 Bxg2 23. Kxg2 g5 24. Qc4+ Kh8 25. Qc7 Qe6 26. Qxb7 f4 27.
exf4 gxf4 28. Qf3 fxg3 29. b6 Nd7 30. Qxg3 Bh6 31. Nf3 0-1

[Event "7th EuropCh Men"]
[Site "Kusadasi / Turkey"]
[Date "2006.04.08"]
[Round "5"]
[White "Nevednichy, Vladislav"]
[Black "Manca, Federico"]
[Result "1-0"]
[WhiteElo "2582"]
[BlackElo "2417"]
[PlyCount "63"]
[EventDate "2006.04.04"]
[EventRounds "11"]
[EventCountry "AUT"]

1. e4 g6 2. d4 Bg7 3. Nc3 d6 4. f4 Nf6 5. Nf3 O-O 6. Be3 Na6 7. e5 Ng4 8. Bg1
c5 9. h3 Nh6 10. g4 Qb6 11. Rb1 Qa5 12. Rh2 cxd4 13. Bxd4 dxe5 14. fxe5 Nb4 15.
Qc1 Nc6 16. Be3 Nxe5 17. Nxe5 Qxe5 18. Re2 Qg3+ 19. Rf2 Nxg4 20. hxg4 Bxg4 21.
Bg2 Rad8 22. Bf4 Bxc3+ 23. bxc3 Qxc3+ 24. Bd2 Qe5+ 25. Kf1 b6 26. Qa3 Rd6 27.
Bb4 Qb5+ 28. c4 Qxc4+ 29. Kg1 Rd3 30. Qxa7 Bh3 31. Qxe7 Rfd8 32. Bxh3 1-0

[Event "7th EuropCh Men"]
[Site "Kusadasi / Turkey"]
[Date "2006.04.08"]
[Round "5"]
[White "Stefansson, Hannes"]
[Black "Erturan, Yakup"]
[Result "1-0"]
[WhiteElo "2579"]
[BlackElo "2332"]
[PlyCount "75"]
[EventDate "2006.04.04"]
[EventRounds "11"]
[EventCountry "AUT"]

1. d4 Nf6 2. c4 e6 3. Nf3 b6 4. g3 Ba6 5. b3 Bb4+ 6. Bd2 Bxd2+ 7. Nbxd2 d5 8.
Bg2 O-O 9. O-O c6 10. Ne5 Nfd7 11. Nd3 Nf6 12. e3 Nbd7 13. e4 dxe4 14. Nxe4
Nxe4 15. Bxe4 Qc7 16. Qc2 Nf6 17. Bg2 Rad8 18. Qc3 Nd7 19. b4 Bb7 20. a4 a5 21.
bxa5 bxa5 22. Rfe1 Ba6 23. Ne5 Nxe5 24. Rxe5 Rd6 25. Rc1 Bb7 26. Qxa5 Qd7 27.
Qb6 Rxd4 28. Ra5 e5 29. Rxe5 Rd1+ 30. Re1 Rxc1 31. Rxc1 Re8 32. Rb1 Ba8 33. c5
h5 34. a5 h4 35. a6 h3 36. Bf1 Kh7 37. Qb4 g6 38. Rc1 1-0

[Event "7th EuropCh Men"]
[Site "Kusadasi / Turkey"]
[Date "2006.04.08"]
[Round "5"]
[White "Aroshidze, Levan"]
[Black "Postny, Evgeny"]
[Result "0-1"]
[WhiteElo "2492"]
[BlackElo "2572"]
[PlyCount "188"]
[EventDate "2006.04.04"]
[EventRounds "11"]
[EventCountry "AUT"]

1. e4 e5 2. Nf3 Nc6 3. Bb5 a6 4. Ba4 Nf6 5. O-O Be7 6. Re1 b5 7. Bb3 d6 8. c3
O-O 9. h3 Na5 10. Bc2 c5 11. d4 Qc7 12. d5 Bd7 13. b3 Ne8 14. Nbd2 g6 15. Nf1
Ng7 16. Bh6 Nb7 17. N3h2 Nd8 18. a4 Rb8 19. g4 f6 20. Ng3 Nf7 21. Be3 Qc8 22.
f4 exf4 23. Bxf4 Ne5 24. a5 b4 25. c4 Qe8 26. Kh1 Bd8 27. h4 Bc7 28. Rg1 Qc8
29. Ngf1 Qd8 30. Ne3 Bc8 31. Qe2 Bxa5 32. Rg3 Rb7 33. Nf5 gxf5 34. gxf5 Kh8 35.
Rag1 Re7 36. Bh6 Rg8 37. Qg2 Qf8 38. h5 Qf7 39. Bd1 Bd8 40. Bf4 Ree8 41. Qh3
Nxf5 42. exf5 Rxg3 43. Rxg3 Rg8 44. Re3 Qg7 45. Rg3 Qd7 46. Rxg8+ Kxg8 47. Bc2
Kh8 48. Ng4 Qe8 49. Ne3 Nf7 50. Qg3 Be7 51. Kg2 Bf8 52. Kf2 Qe7 53. Ng4 Ne5 54.
Nxe5 fxe5 55. Bg5 Qf7 56. Qg4 Be7 57. Be3 Qg7 58. Kf3 Bf6 59. Qxg7+ Kxg7 60.
Kg4 Kf7 61. Bd3 Bd8 62. Bc1 a5 63. Bd2 Ba6 64. Be2 Bf6 65. Kf3 a4 66. bxa4 b3
67. Ke4 b2 68. Bd3 Bxc4 69. Bb1 Bf1 70. a5 Bg2+ 71. Kd3 Bxd5 72. a6 Ke7 73. Bc3
e4+ 74. Kc2 Bxc3 75. Kxc3 e3 76. a7 e2 77. Kd2 Bf3 78. f6+ Kxf6 79. Bxh7 Kg5
80. Bg6 c4 81. Ke1 Kh6 82. Kf2 Kg7 83. Ke1 Kf6 84. Kf2 Kg5 85. Ke1 c3 86. Kf2
Kh6 87. Ke1 c2 88. Bxc2 Kxh5 89. a8=Q Bxa8 90. Kxe2 Kg5 91. Ke3 Bd5 92. Bb1 Be6
93. Kd4 Bf5 94. Ba2 Kf6 0-1

[Event "7th EuropCh Men"]
[Site "Kusadasi / Turkey"]
[Date "2006.04.08"]
[Round "5"]
[White "Pelletier, Yannick"]
[Black "Guliev, Sarhan"]
[Result "1/2-1/2"]
[WhiteElo "2570"]
[BlackElo "2484"]
[PlyCount "143"]
[EventDate "2006.04.04"]
[EventRounds "11"]
[EventCountry "AUT"]

1. d4 f5 2. g3 Nf6 3. Bg2 g6 4. c4 Bg7 5. Nc3 d6 6. Nf3 O-O 7. O-O c6 8. d5 Qa5
9. Nd4 Bd7 10. Qb3 Qb6 11. c5 dxc5 12. dxc6+ Qxb3 13. Nxb3 Bxc6 14. Nxc5 Bxg2
15. Kxg2 Nbd7 16. Ne6 Rfc8 17. Nxg7 Kxg7 18. Bd2 Ne5 19. Rad1 Kf7 20. Bc1 a6
21. Rfe1 Rc4 22. Bf4 Ke6 23. Rd2 Rac8 24. Red1 Rb4 25. Nd5 Nxd5 26. Rxd5 Nf7
27. b3 g5 28. Be3 Re4 29. R5d2 Rb4 30. Bd4 Ne5 31. Bb2 Rb5 32. f3 Ra5 33. Ba1
h5 34. Kf2 Nf7 35. Rd3 Nd6 36. a4 Rac5 37. Re3+ Kf7 38. Be5 R8c6 39. h4 gxh4
40. gxh4 Ne4+ 41. fxe4 Rxe5 42. exf5 Rxf5+ 43. Rf3 Rxf3+ 44. Kxf3 Rb6 45. Rd3
Rb4 46. e4 Kf6 47. Ke3 e6 48. Kf4 a5 49. Rc3 e5+ 50. Ke3 Ke6 51. Rd3 b5 52.
axb5 Rxb5 53. Rc3 Kd6 54. Rd3+ Kc6 55. Rc3+ Kb6 56. Kd3 Rb4 57. Ke3 Kb5 58. Rd3
Kc6 59. Rc3+ Kd6 60. Rd3+ Ke6 61. Rc3 Rb6 62. Ke2 Rb4 63. Ke3 Rb8 64. Ke2 Kd6
65. Rd3+ Kc6 66. Rd5 Rb5 67. Rxb5 Kxb5 68. Kd3 Kb4 69. Kc2 Kb5 70. Kc3 Kc5 71.
Kd3 Kb4 72. Kc2 1/2-1/2

[Event "7th EuropCh Men"]
[Site "Kusadasi / Turkey"]
[Date "2006.04.08"]
[Round "5"]
[White "Sedlak, Nikola"]
[Black "Iljushin, Alexei"]
[Result "1/2-1/2"]
[WhiteElo "2564"]
[BlackElo "2483"]
[PlyCount "194"]
[EventDate "2006.04.04"]
[EventRounds "11"]
[EventCountry "AUT"]

1. e4 e6 2. d4 d5 3. Nc3 Nf6 4. e5 Nfd7 5. f4 c5 6. Nf3 Nc6 7. Be3 cxd4 8. Nxd4
Bc5 9. Qd2 O-O 10. g3 Bxd4 11. Bxd4 a6 12. Bf2 b5 13. Bg2 Bb7 14. O-O Rc8 15.
Ne2 Qe7 16. Nd4 Nxd4 17. Bxd4 Nc5 18. Qb4 Rfe8 19. Rfc1 Qc7 20. b3 h6 21. Kh1
Qe7 22. a4 bxa4 23. bxa4 Ne4 24. Qxe7 Rxe7 25. Bf1 Nd2 26. Bd3 Rc4 27. Bb6 Rc8
28. Rd1 Nc4 29. Bd4 Bc6 30. Rdb1 Rb7 31. Rxb7 Bxb7 32. Kg1 Bc6 33. Kf2 Bd7 34.
a5 Bb5 35. g4 Rb8 36. h4 Nb2 37. Ke3 Nxd3 38. cxd3 Rc8 39. Kd2 Kf8 40. h5 Ke7
41. f5 Kd7 42. Rf1 Rg8 43. Ke3 Ke7 44. Bc5+ Kd7 45. Rf3 Ba4 46. Rf1 Bb5 47. Bd6
f6 48. Kd4 Rc8 49. Re1 exf5 50. gxf5 fxe5+ 51. Bxe5 Rf8 52. Rf1 Rf7 53. Rf3 Kc6
54. Rf1 Kd7 55. Rf2 Ke8 56. Rf3 Kd7 57. Kc5 Ke8 58. Kxd5 Bd7 59. f6 gxf6 60.
Bxf6 Bg4 61. Rg3 Bxh5 62. Ke6 Bd1 63. d4 h5 64. d5 Bg4+ 65. Ke5 Rb7 66. Kd6 Kf7
67. Kc6 Rb1 68. Bd8 Rc1+ 69. Kd6 Rh1 70. Rc3 Rd1 71. Kc6 Ke8 72. Bg5 Bd7+ 73.
Kb6 Bb5 74. Re3+ Kf7 75. Kc5 Rc1+ 76. Kb6 Rc2 77. Rf3+ Ke8 78. Rf6 Kd7 79. Rh6
Be2 80. Bf4 Rb2+ 81. Kc5 Rb5+ 82. Kd4 Rxa5 83. Rh7+ Ke8 84. Bc7 Ra4+ 85. Ke5
Bd3 86. Rxh5 Kd7 87. d6 Re4+ 88. Kd5 Rf4 89. Rh3 Rf5+ 90. Kd4 Bb5 91. Rh7+ Kc6
92. Ke4 Rd5 93. Rh6 Rd1 94. Ke5 a5 95. Bxa5 Rd5+ 96. Kf4 Rxd6 97. Rxd6+ Kxd6
1/2-1/2

[Event "7th EuropCh Men"]
[Site "Kusadasi / Turkey"]
[Date "2006.04.08"]
[Round "5"]
[White "Gagunashvili, Merab"]
[Black "Romanov, Evgeny"]
[Result "1/2-1/2"]
[WhiteElo "2555"]
[BlackElo "2480"]
[PlyCount "82"]
[EventDate "2006.04.04"]
[EventRounds "11"]
[EventCountry "AUT"]

1. e4 e5 2. Nf3 Nc6 3. Bb5 a6 4. Ba4 Nf6 5. d3 d6 6. c3 Bd7 7. O-O g6 8. Re1
Bg7 9. d4 b5 10. Bc2 O-O 11. a4 exd4 12. Nxd4 Re8 13. Bg5 h6 14. Bh4 Qb8 15.
axb5 axb5 16. Rxa8 Qxa8 17. Nxb5 Qb7 18. c4 Ne5 19. Bxf6 Bxf6 20. N1c3 Nxc4 21.
Nd5 Bh4 22. Nbxc7 Rc8 23. Qd4 Ne5 24. Bd3 Rxc7 25. Nxc7 Qxc7 26. Be2 Bf6 27.
Qd2 Bg7 28. b4 Nc6 29. Rc1 Qb8 30. Rb1 Nd4 31. Bc4 Qb6 32. b5 Ne6 33. Rd1 Qc5
34. Qd5 Qb4 35. Qxd6 Qxc4 36. Qxd7 Qxe4 37. Qd3 Qb7 38. Qd5 Qa7 39. Qd7 Qc5 40.
Qe8+ Bf8 41. Qb8 Qc2 1/2-1/2

[Event "7th EuropCh Men"]
[Site "Kusadasi / Turkey"]
[Date "2006.04.08"]
[Round "5"]
[White "Godena, Michele"]
[Black "Pashikian, Arman"]
[Result "0-1"]
[WhiteElo "2537"]
[BlackElo "2475"]
[PlyCount "106"]
[EventDate "2006.04.04"]
[EventRounds "11"]
[EventCountry "AUT"]

1. e4 e5 2. Bc4 Nf6 3. d3 Nc6 4. Nf3 Bc5 5. c3 d6 6. Nbd2 O-O 7. Bb3 a6 8. h3
Ba7 9. Nf1 d5 10. Qe2 Be6 11. Bc2 dxe4 12. dxe4 b5 13. Ne3 Nh5 14. g3 Re8 15.
Bd2 Qe7 16. Bb3 Nf6 17. Bxe6 Qxe6 18. Ng5 Qd7 19. Ng4 Nxg4 20. hxg4 h6 21. Nh3
f6 22. O-O-O Qe6 23. Kb1 Rad8 24. Bc1 b4 25. Rxd8 Rxd8 26. Rd1 Rb8 27. Bd2 bxc3
28. Bxc3 Bd4 29. Nf4 exf4 30. Bxd4 Rd8 31. Bc3 Rxd1+ 32. Qxd1 Qxe4+ 33. Ka1 f3
34. a3 Ne5 35. Qd8+ Kh7 36. g5 hxg5 37. Qxc7 Ng4 38. Qc5 Ne3 39. b4 Nc4 40. a4
Qe2 41. Qd4 Kh6 42. g4 Ne3 43. Qd2 Qf1+ 44. Ka2 Nxg4 45. Bd4 Qe2 46. Qb2 Ne5
47. Qxe2 fxe2 48. Bc3 Nd3 49. Ka3 e1=Q 50. Bxe1 Nxe1 51. b5 axb5 52. a5 Nc2+
53. Kb2 Nb4 0-1